College Logos #2 - Statistics

General Stats
  • This quiz has been taken 59 times
  • The average score is 15 of 16
Answer Stats
Picture Answer % Correct
Duke
100%
Texas
100%
Clemson
98%
Indiana
98%
Maryland
98%
Minnesota
98%
Northwestern
98%
Oregon
98%
Texas A&M
98%
Arizona
96%
Tennessee
96%
South Carolina
94%
Central Florida
91%
Mississippi State
91%
Oklahoma State
91%
Utah
91%
No matching quizzes found
Score Distribution
Percent of People with Each Score
Percentile by Number Answered
Your Score History
You have not taken this quiz